00718 a2200193 4500999001500000010001400015020002300029035001300052037001500065082001100080245011500091260003500206270006200241300004300303500002000346700001600366942003000382952011200412 c5378d5378 aENG-86835 c595.00a0670999377 aEN-70368 bDBAD / PUB14a954.111 aJammu & Kashmir 1949-64 :ced. by Jawaid Alambselect correspondence between Jawaharlal Nehru & Karan Singh / aNew DelhibPenguin Booksc2006 a11, Community Centre, Panchsheel ParkbNew Delhie110 002 axiii, 174 p.c23 cm (Hb)bB & W photos aincludaes index1 aJawaid Alam adplcEN2ddch954.11mJAM 001040718NFICaDBADbDBADeDBAD/PUBg595.00l0o954.11 JAMpEN-70368r2008-09-15 00:00:00t1v595.00yEN